[Event "Condigne Dutch Open 2016"]
[Site "dieren"]
[Date "2016.08.01"]
[Round "6"]
[White "Reinderman, Dimitri"]
[Black "Sandipan, Chanda"]
[Result "0-1"]
[WhiteElo "2584"]
[BlackElo "2568"]
[PlyCount "106"]
[EventDate "2016.07.27"]
[EventCountry "NED"]
[TimeControl "6000+1520"]
[WhiteClock "0:09:02"]
[BlackClock "0:18:37"]

1. c4 c6 2. Nf3 d5 3. d4 Nf6 4. Qc2 dxc4 5. Qxc4 Bg4 6. Nbd2 Nbd7 7. g3 e6 8.
Bg2 Be7 9. O-O O-O 10. Qb3 Qb6 11. Nc4 Qa6 12. Bd2 Rac8 13. Rfc1 Nb6 14. e3
Nxc4 15. Qxc4 Qxc4 16. Rxc4 Nd7 17. Bb4 c5 18. Be1 b5 19. Rcc1 Bf6 20. a4 b4
21. a5 Rfd8 22. a6 h6 23. Rc4 Bxf3 24. Bxf3 cxd4 25. Rxb4 d3 26. Rd1 Ne5 27.
Be4 d2 28. Rxd2 Rc1 29. Re2 Be7 30. Rb7 f5 31. Bg2 Bf8 32. Rxa7 Nd3 33. Kf1 Bb4
34. Ra8 Rxa8 35. Bxa8 Nxe1 36. Bb7 Ra1 37. f4 g5 38. h3 g4 39. hxg4 fxg4 40.
Kf2 Kf7 41. Bc8 Kf6 42. Bb7 h5 43. Bc8 e5 44. fxe5+ Kxe5 45. Bb7 Kf6 46. Kg1
Kg5 47. Kf1 h4 48. gxh4+ Kh5 49. Be4 g3 50. Bb7 Kxh4 51. Kg1 g2 52. Rxe1 Rxe1+
53. Kxg2 Bc5 0-1

[Event "Condigne Dutch Open 2016"]
[Site "dieren"]
[Date "2016.08.01"]
[Round "6"]
[White "Horvath, Csaba"]
[Black "Ikonnikov, Vyacheslav"]
[Result "1/2-1/2"]
[WhiteElo "2520"]
[BlackElo "2538"]
[PlyCount "21"]
[EventDate "2016.07.27"]
[EventCountry "NED"]
[TimeControl "6000+405"]
[WhiteClock "1:23:38"]
[BlackClock "1:23:16"]

1. d4 Nf6 2. c4 e6 3. Nf3 b6 4. g3 Bb7 5. Bg2 Be7 6. Nc3 Ne4 7. Bd2 Bf6 8. O-O
O-O 9. Ne5 Nxc3 10. Bxc3 Bxg2 11. Kxg2 1/2-1/2

[Event "Condigne Dutch Open 2016"]
[Site "dieren"]
[Date "2016.08.01"]
[Round "6"]
[White "Pruijssers, Roeland"]
[Black "Hausrath, Daniel"]
[Result "1-0"]
[WhiteElo "2463"]
[BlackElo "2483"]
[PlyCount "221"]
[EventDate "2016.07.27"]
[EventCountry "NED"]
[TimeControl "6000+1370"]
[WhiteClock "0:08:15"]
[BlackClock "0:07:13"]

1. e4 c5 2. Nf3 Nc6 3. Bb5 Qc7 4. O-O a6 5. Bxc6 dxc6 6. d3 e5 7. h3 f6 8. Be3
Be6 9. a4 a5 10. Na3 Bd6 11. Nd2 Ne7 12. Nac4 b6 13. c3 Ng6 14. b4 cxb4 15.
Bxb6 Qe7 16. Bxa5 bxc3 17. Bxc3 Nf4 18. d4 exd4 19. Bxd4 Bc7 20. Qf3 O-O 21.
Be3 Ng6 22. a5 Qf7 23. Qe2 Nf4 24. Bxf4 Bxf4 25. Nb6 Ra7 26. Ndc4 Qg6 27. Qf3
Bc7 28. Qe3 Ra6 29. f4 Qf7 30. Qc5 Re8 31. Nd6 Qe7 32. e5 fxe5 33. fxe5 Rb8 34.
Qxc6 Qd8 35. Ndc4 Qd4+ 36. Kh1 Qxc4 37. Qxc4 Bxc4 38. Nxc4 Rb4 39. Nd6 h6 40.
Rfc1 Bxd6 41. exd6 Rd4 42. Rc8+ Kh7 43. Rd8 h5 44. Kg1 Rd2 45. Kf1 Kg6 46. Ra3
Rc6 47. Kg1 h4 48. Ra4 Rcc2 49. Rg4+ Kf7 50. Kh2 g6 51. a6 Ra2 52. Rd7+ Kf6 53.
a7 g5 54. Rh7 Rd1 55. Rh6+ Kf5 56. Rh5 Kf6 57. Rh6+ Kf5 58. Rh5 Kf6 59. d7 Raa1
60. d8=Q+ Rxd8 61. a8=Q Rdxa8 62. Rhxg5 R8a4 63. Rg6+ Kf7 64. Rg7+ Kf6 65.
R7g6+ Kf7 66. Rg7+ Kf6 67. Rg8 Kf7 68. R4g7+ Kf6 69. Rg6+ Kf5 70. Rg4 Kf6 71.
Rf8+ Ke5 72. Rg5+ Ke6 73. Rg6+ Ke5 74. Rh8 Rf1 75. Re8+ Kf5 76. Rgg8 Raa1 77.
Ref8+ Ke5 78. Rg5+ Ke4 79. Rg4+ Ke5 80. Rxf1 Rxf1 81. Rxh4 Kf5 82. Kg3 Ra1 83.
Rf4+ Kg6 84. Kg4 Ra2 85. g3 Ra6 86. Rb4 Kh6 87. h4 Rg6+ 88. Kf4 Rf6+ 89. Ke5
Ra6 90. g4 Ra5+ 91. Kf4 Ra6 92. Rc4 Rb6 93. Ra4 Rc6 94. h5 Rb6 95. Kg3 Kg5 96.
Ra5+ Kh6 97. Kh4 Rb7 98. g5+ Kh7 99. h6 Rb1 100. Ra7+ Kh8 101. Kh5 Rb5 102. Rf7
Ra5 103. Kg6 Ra6+ 104. Rf6 Ra8 105. Rb6 Rc8 106. Kf5 Ra8 107. g6 Ra5+ 108. Ke6
Ra8 109. Rd6 Re8+ 110. Kf7 Rf8+ 111. Ke7 1-0

[Event "Condigne Dutch Open 2016"]
[Site "dieren"]
[Date "2016.08.01"]
[Round "6"]
[White "Kiremitciyan, Ari"]
[Black "Khenkin, Igor"]
[Result "0-1"]
[WhiteElo "2071"]
[BlackElo "2553"]
[PlyCount "34"]
[EventDate "2016.07.27"]
[EventCountry "NED"]
[TimeControl "6000+1535"]
[WhiteClock "0:32:30"]
[BlackClock "0:26:40"]

1. Nf3 d5 2. c4 d4 3. e3 Nc6 4. exd4 Nxd4 5. Nxd4 Qxd4 6. Nc3 c6 7. d3 Nh6 8.
Be2 Nf5 9. g4 Nh4 10. O-O h5 11. Be3 Qd6 12. c5 Qe6 13. h3 hxg4 14. hxg4 Qe5
15. Re1 Nf5 16. Bf3 Qh2+ 17. Kf1 Nh4 0-1

[Event "Condigne Dutch Open 2016"]
[Site "dieren"]
[Date "2016.08.01"]
[Round "6"]
[White "Beerdsen, Thomas"]
[Black "Sahil, Tickoo"]
[Result "1-0"]
[WhiteElo "2414"]
[BlackElo "2016"]
[PlyCount "123"]
[EventDate "2016.07.27"]
[EventCountry "NED"]
[TimeControl "6000+1765"]
[WhiteClock "0:42:56"]
[BlackClock "0:03:31"]

1. e4 c5 2. Nf3 d6 3. d4 cxd4 4. Nxd4 Nf6 5. Nc3 a6 6. Bg5 e6 7. f4 Be7 8. Qf3
Qc7 9. O-O-O Nbd7 10. f5 e5 11. Nde2 b5 12. Bxf6 Nxf6 13. Nd5 Nxd5 14. exd5 Bd7
15. Ng3 Qb6 16. Kb1 f6 17. Nh5 Rg8 18. g4 O-O-O 19. c4 Kb8 20. cxb5 Ka7 21. Rd3
Rb8 22. Ra3 Bxb5 23. Bxb5 Qxb5 24. Rb3 Qa5 25. Rxb8 Rxb8 26. Nxg7 Qd2 27. b3
Rc8 28. Qd1 Qc3 29. Rf1 Bd8 30. Ne6 Bb6 31. g5 Bd4 32. Nxd4 exd4 33. Rf3 Qc5
34. Rf4 Re8 35. gxf6 d3 36. f7 Rf8 37. Qxd3 Rxf7 38. Kb2 Rc7 39. Qd4 Qxd4+ 40.
Rxd4 Rf7 41. Rf4 Kb6 42. b4 a5 43. a3 Kb5 44. Kb3 Rf6 45. Rf3 h6 46. Rf4 h5 47.
h4 Kb6 48. Ka4 Ka6 49. bxa5 Rf7 50. f6 Rf8 51. Rc4 Rxf6 52. Rc6+ Kb7 53. a6+
Ka7 54. Kb5 Rf3 55. Rc7+ Ka8 56. a4 Rf4 57. Rc4 Rf8 58. Kb6 Kb8 59. Rb4 Rc8 60.
a7+ Ka8 61. Ka6 Rc6+ 62. dxc6 1-0

[Event "Condigne Dutch Open 2016"]
[Site "dieren"]
[Date "2016.08.01"]
[Round "6"]
[White "Gerlagh, Joris"]
[Black "Beukema, Stefan"]
[Result "0-1"]
[WhiteElo "2172"]
[BlackElo "2355"]
[PlyCount "258"]
[EventDate "2016.07.27"]
[EventCountry "NED"]
[TimeControl "6000+1775"]
[WhiteClock "0:01:49"]
[BlackClock "0:03:38"]

1. d4 f5 2. Nc3 Nf6 3. Bg5 d5 4. f3 c5 5. e4 cxd4 6. Qxd4 Nc6 7. Bb5 dxe4 8.
Qxd8+ Kxd8 9. O-O-O+ Ke8 10. fxe4 a6 11. Bxc6+ bxc6 12. Nf3 h6 13. Bxf6 gxf6
14. Nd4 fxe4 15. Nxe4 Rg8 16. g3 Kf7 17. Rhe1 Bg4 18. Rd3 Rc8 19. Nb3 h5 20.
Nbc5 a5 21. Kd2 Bh6+ 22. Kc3 Rgd8 23. Nb7 Rd5 24. Nec5 Rc7 25. Nd8+ Ke8 26.
Nde6 Rc8 27. a3 Kf7 28. b4 axb4+ 29. axb4 Rb8 30. Rxd5 cxd5 31. Nf4 d4+ 32. Kc4
e5 33. Nfd3 Bd2 34. Ra1 Bf3 35. Ra7+ Kg6 36. Ra6 Re8 37. Nd7 e4 38. Rxf6+ Kg7
39. Kxd4 Bg4 40. N3e5 Bxd7 41. Rf7+ Kg8 42. Rxd7 e3 43. Rd5 e2 44. Nf3 Re3 45.
Re5 Rxf3 46. Rxe2 Bxb4 47. c4 Rf5 48. Ke4 Rc5 49. Kd4 Rg5 50. Rb2 Bc5+ 51. Ke4
Kf7 52. Rd2 Rg4+ 53. Kd5 Bg1 54. Rg2 Rg5+ 55. Ke4 Bc5 56. Rd2 Kg6 57. Kf3 Rg4
58. Rc2 Rd4 59. Rc3 Rd2 60. h3 Rh2 61. Ke4 Rxh3 62. Kd5 Bb4 63. Re3 Rh1 64. c5
Rc1 65. Re6+ Kf7 66. Rc6 Rc3 67. Rc7+ Kg6 68. c6 Rxg3 69. Rb7 Ba5 70. Ra7 h4
71. Ke4 Be1 72. Ra1 Bf2 73. Rc1 Re3+ 74. Kf4 Re8 75. Kg4 Rc8 76. Rc2 Bg3 77.
Rc4 Kf6 78. Rc2 Rc7 79. Rc4 Ke5 80. Rc2 Ke4 81. Kh3 Kd3 82. Rc1 Bf2 83. Kg4 Ke2
84. Rc2+ Ke3 85. Rc3+ Kd4 86. Rc2 Bg3 87. Kh3 Ke4 88. Rc4+ Kf5 89. Rc2 Bf4 90.
Rc5+ Be5 91. Rc4 Rg7 92. Rxh4 Rg1 93. Rh5+ Kf6 94. c7 Bxc7 95. Rh4 Kf5 96. Rh5+
Kf4 97. Rb5 Be5 98. Rb4+ Kf5 99. Rb3 Rg8 100. Ra3 Bf4 101. Rb3 Ke4 102. Kh4 Be3
103. Rb5 Bd4 104. Ra5 Be5 105. Ra3 Kf5 106. Kh3 Rh8+ 107. Kg2 Rh2+ 108. Kf1 Ke4
109. Ra8 Bf4 110. Ke1 Kf3 111. Kd1 Rd2+ 112. Ke1 Rd3 113. Ra1 Be3 114. Rb1 Rd2
115. Rb7 Rd8 116. Rb2 Rc8 117. Rb1 Rc2 118. Kd1 Ra2 119. Rb7 Rd2+ 120. Ke1 Rd6
121. Rb2 Rd8 122. Rh2 Rc8 123. Rh3+ Ke4 124. Rh7 Kd3 125. Kf1 Rg8 126. Rh1 Kd2
127. Rh2+ Kd1 128. Rh1 Rg7 129. Rg1 Rxg1# 0-1

[Event "Condigne Dutch Open 2016"]
[Site "dieren"]
[Date "2016.08.01"]
[Round "6"]
[White "Milov, Leonid"]
[Black "Debashis, Das"]
[Result "0-1"]
[WhiteElo "2430"]
[BlackElo "2451"]
[PlyCount "96"]
[EventDate "2016.07.27"]
[EventCountry "NED"]
[TimeControl "6000+1220"]
[WhiteClock "0:08:36"]
[BlackClock "0:11:44"]

1. e4 c5 2. Nf3 d6 3. d4 cxd4 4. Nxd4 Nf6 5. Nc3 a6 6. Be3 e5 7. Nb3 Be6 8. h3
Nc6 9. Nd5 Bxd5 10. exd5 Ne7 11. c4 g6 12. g4 Bg7 13. Bg2 b6 14. O-O h5 15. Bf3
hxg4 16. hxg4 Nd7 17. Kg2 O-O 18. Be2 f5 19. f3 Nf6 20. Bg5 Qd7 21. Qd2 Rf7 22.
Bxf6 Bxf6 23. a4 g5 24. a5 Ng6 25. axb6 Nf4+ 26. Kf2 e4 27. fxe4 Re8 28. gxf5
Rxe4 29. Bg4 Rxc4 30. Rac1 Rxc1 31. Nxc1 Qb5 32. Ne2 Qxb6+ 33. Kf3 Qb3+ 34. Kf2
Nd3+ 35. Kg1 Ne5 36. Bh5 Rh7 37. Bg6 Rh3 38. Nc3 Qc4 39. Qg2 Rh4 40. Qe2 Qd4+
41. Kg2 Kg7 42. Rh1 Rg4+ 43. Kf1 Kg8 44. Bh5 Qf4+ 45. Ke1 Qc1+ 46. Nd1 Rd4 47.
Rh3 g4 48. Rc3 Bh4+ 0-1

[Event "Condigne Dutch Open 2016"]
[Site "dieren"]
[Date "2016.08.01"]
[Round "6"]
[White "Schoppen, Casper"]
[Black "Maris, Ivo"]
[Result "1/2-1/2"]
[WhiteElo "2298"]
[BlackElo "2370"]
[PlyCount "78"]
[EventDate "2016.07.27"]
[EventCountry "NED"]
[TimeControl "6000+980"]
[WhiteClock "0:07:25"]
[BlackClock "0:31:15"]

1. Nf3 g6 2. c4 Bg7 3. g3 Nf6 4. Bg2 O-O 5. O-O d6 6. Nc3 e5 7. d3 h6 8. Rb1
Re8 9. Nd2 c6 10. b4 d5 11. Bb2 d4 12. Na4 Bf5 13. Nc5 Qc7 14. Qc2 Nbd7 15.
Nde4 Rad8 16. Qa4 Nxe4 17. Nxe4 Be6 18. c5 Bf8 19. f4 f5 20. Nd6 Bxd6 21. cxd6
Qxd6 22. Qxa7 Bd5 23. fxe5 Nxe5 24. Qxd4 Bxg2 25. Qxd6 Rxd6 26. Kxg2 Ng4 27.
Rfe1 Rde6 28. e4 fxe4 29. h3 Ne5 30. Bxe5 Rxe5 31. dxe4 Rxe4 32. Rxe4 Rxe4 33.
Kf3 Rc4 34. b5 Rc3+ 35. Kf4 g5+ 36. Kf5 Kg7 37. bxc6 Rc5+ 38. Ke4 bxc6 39. Rb3
Rc2 1/2-1/2

[Event "Condigne Dutch Open 2016"]
[Site "dieren"]
[Date "2016.08.01"]
[Round "6"]
[White "Geurink, Jasper"]
[Black "Van Osch, Mees"]
[Result "1-0"]
[WhiteElo "2359"]
[BlackElo "2275"]
[PlyCount "99"]
[EventDate "2016.07.27"]
[EventCountry "NED"]

1. e4 c5 2. Nf3 e6 3. d3 Nc6 4. g3 Nf6 5. Bg2 Be7 6. O-O O-O 7. Re1 d6 8. c3
Bd7 9. Nbd2 Qc7 10. b3 Rac8 11. Bb2 Qa5 12. a3 Qa6 13. Bf1 b5 14. d4 Qb7 15.
Bg2 e5 16. d5 Na5 17. Qc2 Nh5 18. c4 bxc4 19. bxc4 Rb8 20. Reb1 Qa6 21. Bc1 g6
22. Bf1 Rfc8 23. Qc3 Bd8 24. a4 Nf6 25. Rb5 Rb7 26. Bd3 Bxb5 27. axb5 Qb6 28.
Bc2 a6 29. Ba4 axb5 30. Bxb5 Ra7 31. Rb1 Qc7 32. Ne1 Rb8 33. Nd3 Qe7 34. f4
exf4 35. Bb2 fxg3 36. hxg3 Nxc4 37. Bxc4 Ba5 38. Qxf6 Qxf6 39. Bxf6 Rxb1+ 40.
Nxb1 Bb4 41. Nxb4 cxb4 $11 42. Kf2 h6 43. Ke3 g5 44. g4 Kh7 45. e5 h5 46. gxh5
dxe5 47. d6 Rd7 48. Be7 f5 49. Be6 f4+ 50. Ke4 1-0

[Event "Condigne Dutch Open 2016"]
[Site "dieren"]
[Date "2016.08.01"]
[Round "6"]
[White "De Jong, Migchiel"]
[Black "Maddens, Martijn"]
[Result "1-0"]
[WhiteElo "2342"]
[BlackElo "2126"]
[PlyCount "33"]
[EventDate "2016.07.27"]
[EventCountry "NED"]

1. e4 c5 2. Nf3 d6 3. Bb5+ Nd7 4. O-O a6 5. Bd3 Ngf6 6. Re1 b5 7. c4 g5 8. Nxg5
Ne5 9. Be2 Bb7 10. f4 Nxc4 11. Bh5 Nxh5 12. Qxh5 Kd7 13. Nxf7 Qe8 14. Qg4+ e6
15. Nxh8 Qe7 16. d3 Nb6 17. f5 1-0

[Event "Condigne Dutch Open 2016"]
[Site "dieren"]
[Date "2016.08.01"]
[Round "6"]
[White "Van der Zon, Stef"]
[Black "Maatman, Nick"]
[Result "0-1"]
[WhiteElo "2057"]
[BlackElo "2314"]
[PlyCount "90"]
[EventDate "2016.07.27"]
[EventCountry "NED"]

1. e4 e6 2. d4 d5 3. Nd2 Be7 4. e5 c5 5. dxc5 Nc6 6. Ndf3 Bxc5 7. Bd3 f6 8. Qe2
fxe5 9. Nxe5 Nxe5 10. Qxe5 Nf6 11. Nh3 O-O 12. O-O Bd6 13. Qg5 e5 14. Bf5 h6
15. Qg6 Bxf5 16. Qxf5 Qe7 17. Qg6 Rac8 18. Bxh6 Qf7 19. Qxf7+ Kxf7 20. Ng5+ Kg6
21. Bxg7 Kxg5 22. Bxf8 Bxf8 23. c3 Kf5 24. Rad1 b5 25. Rd3 b4 26. f3 bxc3 27.
Rxc3 Rd8 28. Rc6 Bd6 29. Kf2 $11 d4 30. Rfc1 e4 31. fxe4+ Nxe4+ 32. Ke2 Bxh2
33. Kd3 Nf2+ 34. Ke2 Ng4 35. R1c5+ Ke4 36. Re6+ Ne5 37. Rh6 d3+ 38. Kd1 Bf4 39.
Rh4 Rg8 40. Ra5 Rxg2 41. Ra4+ Ke3 42. Rh1 Ng4 43. Kc1 d2+ 44. Kc2 d1=Q+ 45.
Kxd1 Nf2+ 0-1

[Event "Condigne Dutch Open 2016"]
[Site "dieren"]
[Date "2016.08.01"]
[Round "6"]
[White "Schippers, Maurice"]
[Black "Hendriks, Willy"]
[Result "1/2-1/2"]
[WhiteElo "2220"]
[BlackElo "2407"]
[PlyCount "78"]
[EventDate "2016.07.27"]
[EventCountry "NED"]

1. e4 c5 2. Nf3 e6 3. d4 cxd4 4. Nxd4 Nc6 5. Nc3 Qc7 6. Be3 a6 7. Qd2 Nf6 8. f4
Bb4 9. Bd3 O-O 10. a3 Be7 11. h3 d6 12. O-O Nxd4 13. Bxd4 e5 14. Be3 exf4 15.
Bd4 Be6 16. Qxf4 Nd7 17. Qg3 Ne5 18. Nd5 Bxd5 19. exd5 Rae8 20. Rae1 Ng6 21.
Qg4 Qd8 22. Qf5 Bh4 23. Rxe8 Qxe8 24. Qg4 Qe7 25. Rf5 Re8 26. g3 Bf6 27. Bxf6
gxf6 28. Rf2 Qe3 29. Kg2 Re5 30. h4 Kg7 31. Re2 f5 32. Qb4 Qc1 33. Rxe5 Nxe5
34. Bxf5 Qd1 35. Qe4 Qd2+ 36. Kh3 $11 Qc1 37. Kg2 Qd2+ 38. Kh3 Qc1 39. Kg2 Qd2+
1/2-1/2

[Event "Condigne Dutch Open 2016"]
[Site "dieren"]
[Date "2016.08.01"]
[Round "6"]
[White "Kollen, Zyon"]
[Black "Zwirs, Nico"]
[Result "0-1"]
[WhiteElo "2310"]
[BlackElo "2374"]
[PlyCount "80"]
[EventDate "2016.07.27"]
[EventCountry "NED"]

1. e4 c5 2. Nf3 d6 3. d4 cxd4 4. Nxd4 Nf6 5. Nc3 a6 6. Be2 e5 7. Nb3 Be7 8. O-O
O-O 9. Be3 Be6 10. Nd5 Nbd7 11. f3 Nxd5 12. exd5 Bf5 13. c4 Bg5 14. Bf2 Rc8 15.
Nd2 Nc5 16. Bxc5 dxc5 17. Ne4 Be3+ 18. Kh1 Bd4 19. Bd3 Bg6 20. Qd2 h6 21. Rae1
f5 22. Nc3 Qd6 23. Bc2 Bh7 24. Ne2 g5 25. b4 b6 26. g4 fxg4 27. Nxd4 cxd4 28.
Bxh7+ Kxh7 29. fxg4 b5 30. Qd3+ Kg7 31. Rxf8 Rxf8 32. Kg1 Rf4 33. h3 Qxb4 34.
Rxe5 Qxc4 35. Qxc4 bxc4 36. d6 d3 37. Rd5 Rf8 38. Rd4 Kf6 39. Kf2 Ke6+ 40. Ke3
Rf4 0-1

[Event "Condigne Dutch Open 2016"]
[Site "dieren"]
[Date "2016.08.01"]
[Round "6"]
[White "Bhattacharjee, Sourav"]
[Black "Van Foreest, Lucas"]
[Result "1-0"]
[WhiteElo "2065"]
[BlackElo "2367"]
[PlyCount "85"]
[EventDate "2016.07.27"]
[EventCountry "NED"]

1. e4 c5 2. Nf3 e6 3. d4 cxd4 4. Nxd4 a6 5. c4 Nf6 6. Nc3 Qc7 7. Be3 b6 8. f3
Bb7 9. Be2 Be7 10. Qd2 O-O 11. Rc1 d6 12. O-O Nbd7 13. b4 Rac8 14. Na4 Qb8 15.
Kh1 Rfd8 16. Rfd1 h6 17. Bf1 Bf8 18. Nb3 Bc6 19. Nc3 Ba8 20. Qf2 d5 21. cxd5
Bxb4 22. dxe6 fxe6 23. Na4 Rxc1 24. Rxc1 Bd6 25. Qg1 Rf8 26. Nxb6 Nxb6 27. Bxb6
Qe8 28. Bc5 Bxc5 29. Nxc5 Kh8 30. Bxa6 Nh5 31. Nd3 Qd8 32. Rc8 Qf6 33. Rxf8+
Qxf8 34. Qc5 Qf6 35. Qe5 Bc6 36. Qxf6 gxf6 37. Nc5 e5 38. Bc4 Nf4 39. a4 Kg7
40. a5 Kf8 41. a6 Ke7 42. g3 Ng6 43. a7 1-0

[Event "Condigne Dutch Open 2016"]
[Site "dieren"]
[Date "2016.08.01"]
[Round "6"]
[White "Heemskerk, Wim"]
[Black "Vedder, Richard"]
[Result "1-0"]
[WhiteElo "2201"]
[BlackElo "2268"]
[PlyCount "91"]
[EventDate "2016.07.27"]
[EventCountry "NED"]

1. Nf3 d5 2. g3 Nf6 3. Bg2 Bf5 4. O-O c6 5. d3 h6 6. c4 e6 7. Nc3 Nbd7 8. cxd5
cxd5 9. e4 Bh7 10. Qa4 a6 11. exd5 exd5 12. Re1+ Be7 13. Ne5 O-O 14. Nxd7 Nxd7
15. Nxd5 Bd6 16. Bxh6 Ne5 17. Qd4 gxh6 18. Rxe5 Bxe5 19. Qxe5 f6 20. Qf4 Rf7
21. Qxh6 Qf8 22. Qf4 Rd8 23. d4 Rd6 24. Ne3 Rc7 25. d5 b5 26. Bh3 Kh8 27. Be6
Rc5 28. h4 Qe7 29. b3 Rd8 30. Rd1 Kg7 31. b4 Rc3 32. Qd4 Rc7 33. Qf4 Qd6 34.
Qg4+ Kh8 35. Qf3 Kg7 36. Ng4 Rf8 37. Qe3 f5 38. Qd4+ Kg6 39. h5+ Kg5 40. Ne5 f4
41. g4 Kh6 42. Nf3 Rc4 43. g5+ Kxh5 44. Qg7 Bf5 45. Qh6+ Kg4 46. Nh2# 1-0

[Event "Condigne Dutch Open 2016"]
[Site "dieren"]
[Date "2016.08.01"]
[Round "6"]
[White "Van Dooren, Dirk"]
[Black "Ratsma, Midas"]
[Result "1/2-1/2"]
[WhiteElo "2390"]
[BlackElo "2171"]
[PlyCount "96"]
[EventDate "2016.07.27"]
[EventCountry "NED"]

1. c4 b6 2. Nf3 Bb7 3. Nc3 e6 4. e3 c5 5. Be2 Nf6 6. O-O Be7 7. d4 O-O 8. d5
exd5 9. cxd5 d6 10. b3 a6 11. a4 Nbd7 12. Bb2 Ne8 13. Nd2 f5 14. f4 Nc7 15. Nc4
Rb8 16. g4 b5 17. Na5 Bf6 18. axb5 axb5 19. Nxb7 Rxb7 20. gxf5 Qe8 21. Rf3 Nb6
22. Rg3 Kh8 23. Qd2 Rb8 24. Ra7 Nba8 25. Nxb5 Rxb5 26. Bxb5 Qxb5 27. Bxf6 gxf6
28. Qd1 Rg8 29. Qa1 Rxg3+ 30. hxg3 Kg7 31. Kf2 Qxb3 32. g4 Qxd5 33. Qa4 Kh6 34.
Kg3 Qd3 35. Qa3 Qd2 36. Qb3 c4 37. Qb8 Qxe3+ 38. Kh4 Qf2+ 39. Kh3 Qf3+ 40. Kh4
Qh1+ 41. Kg3 Qe1+ 42. Kf3 Qd1+ 43. Kg3 Qg1+ 44. Kf3 Qf1+ 45. Kg3 Qe1+ 46. Kf3
Qf1+ 47. Kg3 Qe1+ 48. Kf3 Qf1+ 1/2-1/2

[Event "Condigne Dutch Open 2016"]
[Site "dieren"]
[Date "2016.08.01"]
[Round "6"]
[White "Lecomte, Robin"]
[Black "Sparenberg, Erik"]
[Result "1/2-1/2"]
[WhiteElo "2288"]
[BlackElo "2147"]
[PlyCount "93"]
[EventDate "2016.07.27"]
[EventCountry "NED"]

1. Nf3 Nf6 2. g3 g6 3. Bg2 Bg7 4. O-O O-O 5. c4 d6 6. d4 a6 7. b3 c5 8. Nc3 Nc6
9. Bb2 cxd4 10. Nxd4 Nxd4 11. Qxd4 Rb8 12. Rfd1 b5 13. cxb5 axb5 14. Nd5 Bb7
15. Rac1 Ne8 16. Qd2 e6 17. Bxg7 Nxg7 18. Nb4 Bxg2 19. Kxg2 Rb6 20. f3 Nf5 21.
e4 Ne7 22. Qc3 Rb7 23. Nc6 Nxc6 24. Qxc6 Rb6 25. Qc7 Ra6 26. Rd2 Qa8 $11 27.
Rcc2 h5 28. Qd7 Qb8 29. Rc7 Qb6 30. Rdc2 Raa8 31. Rb7 Qe3 32. Qxb5 Rac8 33. Qe2
Rxc2 34. Qxc2 d5 35. Rc7 d4 36. Rd7 e5 37. a4 Kg7 38. Qc4 h4 39. gxh4 Qd2+ 40.
Kg1 Qe1+ 41. Kg2 Qxh4 42. Rc7 Qg5+ 43. Kh1 Qe3 44. Kg2 Qd2+ 45. Kg1 Qe3+ 46.
Kg2 Qd2+ 47. Kg1 1/2-1/2

[Event "Condigne Dutch Open 2016"]
[Site "dieren"]
[Date "2016.08.01"]
[Round "6"]
[White "Nachbar, Benjamin"]
[Black "Bus, Tom"]
[Result "1/2-1/2"]
[WhiteElo "2124"]
[BlackElo "2226"]
[PlyCount "90"]
[EventDate "2016.07.27"]
[EventCountry "NED"]

1. c4 c5 2. g3 g6 3. Bg2 Bg7 4. Nc3 Nc6 5. d3 d6 6. Qd2 e6 7. Bxc6+ bxc6 8. f4
Nh6 9. e4 O-O 10. Nf3 f6 11. h3 e5 12. fxe5 fxe5 13. Qg2 Rb8 14. O-O Nf7 15. b3
Be6 16. Kh2 Bh6 17. Bxh6 Nxh6 18. Rf2 Qe7 19. Raf1 Nf7 20. Ng1 Bd7 21. Qf3 Ng5
22. Qxf8+ Rxf8 23. Rxf8+ Qxf8 24. Rxf8+ Kxf8 25. Kg2 $11 Ke7 26. Na4 Ne6 27.
Ne2 h5 28. Nac3 Kf6 29. Nd1 Kg5 30. h4+ Kf6 31. Ne3 Nd4 32. Nxd4 exd4 33. Nd1
Bg4 34. Nb2 Ke5 35. Kf2 Kf6 36. Ke1 Ke5 37. Na4 Be6 38. a3 a5 39. Kf2 Bd7 40.
Ke1 Bg4 41. Nb6 Kf6 42. Na4 Ke6 43. Kd2 Ke5 44. Ke1 $11 Bf3 45. Nb2 Bg4 1/2-1/2

[Event "Condigne Dutch Open 2016"]
[Site "dieren"]
[Date "2016.08.01"]
[Round "6"]
[White "Evengroen, Jan"]
[Black "Vrolijk, Liam"]
[Result "1/2-1/2"]
[WhiteElo "2097"]
[BlackElo "2213"]
[PlyCount "71"]
[EventDate "2016.07.27"]
[EventCountry "NED"]

1. e4 e6 2. d4 d5 3. Nd2 a6 4. Bd3 c5 5. exd5 Qxd5 6. Ngf3 cxd4 7. O-O Nf6 8.
Nb3 Nc6 9. Nbxd4 Nxd4 10. Nxd4 Be7 11. b3 O-O 12. c4 Qd7 13. Bb2 b6 14. Nf3 Rd8
15. Ne5 Qc7 16. Qf3 Bb7 17. Qh3 Be4 18. Bxe4 Nxe4 19. Qf3 f5 20. Rfe1 Bf6 21.
Rxe4 fxe4 22. Qxe4 Qd6 23. Re1 Rac8 24. h4 b5 25. h5 bxc4 26. Nxc4 Qe7 27. Bxf6
Qxf6 28. Qxe6+ Qxe6 29. Rxe6 Rd1+ 30. Kh2 Ra8 31. h6 gxh6 32. Rxh6 Ra1 33. a3
Rb8 34. b4 Rc8 35. Rh4 Rc6 36. Rg4+ 1/2-1/2

[Event "Condigne Dutch Open 2016"]
[Site "dieren"]
[Date "2016.08.01"]
[Round "6"]
[White "Vos, Tjark"]
[Black "Zwirs, Jasper"]
[Result "1-0"]
[WhiteElo "2156"]
[BlackElo "2071"]
[PlyCount "41"]
[EventDate "2016.07.27"]
[EventCountry "NED"]

1. e4 c5 2. Nf3 d6 3. Bb5+ Nc6 4. O-O e5 5. c3 Bg4 6. h3 Bxf3 7. Qxf3 Qf6 8.
Qe2 Nge7 9. f4 a6 10. fxe5 Qxe5 11. Bc4 O-O-O 12. Bxf7 h5 13. d3 g5 14. Bxh5
Bh6 15. Nd2 Rdf8 16. Nc4 Rxf1+ 17. Qxf1 Qg3 18. Qf6 Qe1+ 19. Kh2 Rf8 20. Qxd6
Rf1 21. Nb6# 1-0

[Event "Condigne Dutch Open 2016"]
[Site "dieren"]
[Date "2016.08.01"]
[Round "6"]
[White "Keetman, Maaike"]
[Black "Compagnie, Luc"]
[Result "1-0"]
[WhiteElo "2057"]
[BlackElo "2158"]
[PlyCount "75"]
[EventDate "2016.07.27"]
[EventCountry "NED"]

1. e4 e6 2. d4 d5 3. Nd2 Nf6 4. e5 Nfd7 5. f4 c5 6. c3 Nc6 7. Ndf3 Qb6 8. g3
cxd4 9. cxd4 Bb4+ 10. Kf2 f6 11. Kg2 O-O 12. Bd3 Be7 13. Ne2 Rf7 14. h4 Nf8 15.
b3 Bd7 16. Bb2 Nb4 17. Bb1 Rc8 18. g4 Bb5 19. a3 Bxe2 20. Qxe2 Nc6 21. b4 fxe5
22. fxe5 Nd7 23. Qd3 g6 24. h5 Rcf8 25. Rh3 Rg7 26. hxg6 hxg6 27. Rh6 Rf4 28.
Kg3 g5 29. Bc2 Nf8 30. Rah1 Kf7 31. b5 Na5 32. Bc1 Re4 33. Nxg5+ Rxg5 34. Qf1+
Ke8 35. Bxe4 dxe4 36. Bxg5 Bxg5 37. Rh8 Be7 38. R1h7 1-0

[Event "Condigne Dutch Open 2016"]
[Site "dieren"]
[Date "2016.08.02"]
[Round "7"]
[White "Sandipan, Chanda"]
[Black "Pruijssers, Roeland"]
[Result "1-0"]
[WhiteElo "2568"]
[BlackElo "2463"]
[PlyCount "67"]
[EventDate "2016.07.27"]
[EventCountry "NED"]
[TimeControl "6000+1650"]
[WhiteClock "0:33:10"]
[BlackClock "0:02:16"]

1. e4 e5 2. Nf3 Nc6 3. Bb5 Nf6 4. O-O Bc5 5. Bxc6 dxc6 6. d3 Nd7 7. Nbd2 O-O 8.
a3 a5 9. Nc4 Re8 10. Bd2 a4 11. Bb4 Ba7 12. Bc3 f6 13. Nh4 Nf8 14. Kh1 Ng6 15.
Qh5 Nf4 16. Qf3 Be6 17. Ne3 Qd7 18. Nhf5 Kh8 19. h4 g6 20. Ng4 gxf5 21. Nxf6
Qg7 22. Bxe5 Ng6 23. Bc3 Bd4 24. Bxd4 Rf8 25. h5 Ne7 26. h6 Qxh6+ 27. Nh5+ Kg8
28. Bg7 Qg6 29. Bxf8 Rxf8 30. Qg3 fxe4 31. dxe4 Bg4 32. Nf4 Qg7 33. f3 Qh6+ 34.
Nh3 1-0

[Event "Condigne Dutch Open 2016"]
[Site "dieren"]
[Date "2016.08.02"]
[Round "7"]
[White "Khenkin, Igor"]
[Black "Sagar, Shah"]
[Result "1/2-1/2"]
[WhiteElo "2553"]
[BlackElo "2433"]
[PlyCount "37"]
[EventDate "2016.07.27"]
[EventCountry "NED"]
[TimeControl "6000+1825"]
[WhiteClock "0:20:41"]
[BlackClock "0:47:25"]

1. d4 Nf6 2. c4 e6 3. Nf3 d5 4. e3 Be7 5. b3 O-O 6. Bb2 c5 7. Bd3 Nc6 8. O-O
cxd4 9. exd4 b6 10. Nbd2 Bb7 11. Rc1 Rc8 12. Qe2 Re8 13. Rfd1 Bf8 14. h3 g6 15.
Qe3 Bg7 16. Ne5 Re7 17. f4 Rec7 18. Ndf3 Ba6 19. g4 1/2-1/2